Loading...
| Science - Biology | 0 | 4 | 1 | 1 | 35 | 41 | 80.75 | 0 | 3 | 10.44 | 17.82 |
| Fine Arts - Classical Music | 0 | 2 | 0 | 0 | 20 | 118 | 127.00 | 0 | 0 | 1.78 | 9.38 |
| Science - Chemistry | 0 | 2 | 1 | 0 | 15 | 81 | 94.50 | 0 | 1 | 3.71 | 11.46 |
| Mythology | 0 | 1 | 0 | 0 | 10 | 98 | 98.00 | 0 | 0 | 1.75 | 2.08 |
| Literature - American | 0 | 1 | 0 | 0 | 10 | 98 | 98.00 | 0 | 0 | 2.15 | 3.57 |
| Science - Other | 0 | 1 | 0 | 0 | 10 | 122 | 122.00 | 0 | 0 | -0.07 | 1.04 |
| Science - Physics | 0 | 2 | 2 | 0 | 10 | 121 | 123.00 | 0 | 0 | 0.13 | 2.08 |
| Social Science | 0 | 1 | 1 | 0 | 5 | 127 | 127.00 | 0 | 1 | 0.00 | 3.70 |
| Literature - World/Other | 0 | 0 | 0 | 0 | 0 | 0.00 | 0 | 0 | 0.00 | 0.00 |